Movies Quiz

Random Movies or Disney Quiz

Complete the Disney Song... with a Picture Quiz Stats

 Plays Quiz Updated May 16, 2018

Challenge
Share
Tweet
Score 0/20 Timer 05:00
25 Plays Today
% Correct
A Spoonful of SUGAR
96.4%
When You Wish Upon
a STAR
95%
A Whole New WORLD
93.6%
A Dream Is a Wish
Your HEART Makes
93.1%
Someday My PRINCE
Will Come
88.3%
Do You Want to
Build a SNOWMAN?
88%
Under the SEA
87.8%
When I See an
ELEPHANT Fly
87.3%
You Can FLY!
You Can FLY!
You Can FLY!
86.5%
Feed the BIRDS
85.3%
% Correct
The Bells of NOTRE DAME
83.8%
Can You Feel
the Love TONIGHT
83.1%
KISS the Girl
82.6%
Zero to HERO
82.2%
COLORS of the Wind
81.9%
I Just Can't Wait
to Be KING
78.4%
One JUMP Ahead
77.9%
Let It GO
77.5%
Ev'rybody Wants
to Be a CAT
74%
Oh, Sing Sweet
NIGHTINGALE
65.3%

You're not logged in!

Compare scores with friends on all Sporcle quizzes.
Join for Free
OR
Log In

You Might Also Like...

Show Comments

Extras

Top Quizzes Today


Score Distribution

Your Account Isn't Verified!

In order to create a playlist on Sporcle, you need to verify the email address you used during registration. Go to your Sporcle Settings to finish the process.

Report this User

Report this user for behavior that violates our Community Guidelines.

Details: